Цөөхүүл ч гэсэн бидний индианчууд (Бичлэгийн дугаар. 764748)

MARC дэлгэрэнгүй
000 -Удирдлага
Ном зүйн бүртгэл тоо буюу кодлох утгыг агуулсан 00980nam a22002417a 4500
008 - ЕРӨНХИЙ МЭДЭЭЛЭЛ-ЭЛЕМЕНТҮҮДИЙН ӨГӨГДЛИЙН УРТ
fixed length control field 240605b mp ||||| |||| 00| 0 mon d
020 ## - ОЛОН УЛСЫН СТАНДАРТ НОМЫН ДУГААР-ISBN
Олон Улсын Стандарт Номын Дугаар 978-99973-1-742-1
035 ## - СИСТЕМИЙН ХЯНАЛТЫН ДУГААР
Системийн хяналтын дугаар 29056
040 ## - ЭХ СУРВАЛЖИЙГ ТОДОРХОЙЛОН БИЧИХ
Анхны каталогийн байгууллага DA0445040
Каталогийн хэл Монгол
Бичлэг хийж нэвтрүүлэх байгууллага MN-UlNLM
Өөрчлүүлэх байгууллага MN-UlNLM
Бичиглэлийн тодорхойлолт rda
041 ## - ХЭЛНИЙ КОД
Текстийн хэлний код/фонограм буюу салангид гарчиг Монгол
042 ## - AUTHENTICATION CODE
Authentication code 60970
084 ## - БУСАД АНГИЛЛЫН ДУГААР
Ангиллын нэр
Анги 808.899282344
Зохиогчийн 3-н тэмдэгт А.940
100 ## - ЗОХИОГЧИЙН ХЭСЭГ
Зохиогчийн нэр Ашард М.
245 #0 - ҮНДСЭН ГАРЧИГ
Гарчиг Цөөхүүл ч гэсэн бидний индианчууд
264 ## - ГАРАЛТЫН МЭДЭЭ
Хэвлэгдсэн газар УБ
Бүтээгч, хэвлэгч, түгээгч, үйлдвэрлэгчийн нэр Монсудар хэвлэлийн газар
Хэвлэгдсэн он 2019
300 ## - ТООНЫ МЭДЭЭ
Хуудасны тоо 148 х.
336 ## - АГУУЛГЫН ТӨРӨЛ
Нөөц rdacontent
Агуулгын төрлийн нөхцөл text
Агуулгын төрлийн код txt
337 ## - MEDIA TYPE
Эх сурвалж rdamedia
Файлын төрөл unmediated
Файлын код n
338 ## - CARRIER TYPE
Source rdacarrier
Carrier type term volume
Carrier type code nc
650 ## - Сэдэв
Сэдэв Циркийн жүжигчин Марион Ашард нь оорийн Тур де Цирк (Tour de Cirque) байгууллагынхныхаа хамтаар Францад төдийгүй хилийн чанадын ...
942 ## - ЭЛЕМЕНТИЙН ТӨРӨЛ
Анги Аравтын ангилал
Төрөл Ном
Захиалгууд
Буцаан татагдсан төлөв Хасагдсан шалтгаан Гэмтсэн төлөв Данс заагч Захиалах боломжгүй Үндсэн номын сан Одоогийн байршил Салбар танхим Салбар танхим Бүртгэсэн огноо Тавиурын заалт Баркод Үнэ Хамгийн сүүлд байсан огноо Нийт уншлаганд гарсан тоо Дансны дугаар Төрөл
          Дархан-Уул Дархан-Уул Дархан | Нийтийн уншлага Дархан | Нийтийн уншлага 2024-06-06 808.899282344 / А.940 DA04429056-1-1 12900.00 2024-06-06   46878 Ном